000
00474nam a2200145Ia 4500
008
100122s9999 xx 000 0 und d
082
_b
30747
_a
822
100
_a
खरे सुरेश
245
_a
मंतरलेली चैत्रवेल
260
_b
जोशी ब्रदर्स
_c
1905
300
_a
83
630
_a
मंतरलेली चैत्रवेल
730
_a
मंतरलेली चैत्रवेल
942
_c
BOOK
999
_c
415557
_d
415554